| 000 | 00875nam a2200253Ia 4500 | ||
|---|---|---|---|
| 003 | OSt | ||
| 005 | 20220923211121.0 | ||
| 006 | a|||||r|||| 00| 0 | ||
| 007 | ta | ||
| 008 | 220922b |||||||| |||| 00| 0 hin d | ||
| 020 |
_a8181436164 (hbk) _c395 |
||
| 024 | _a241,780 | ||
| 037 |
_b494, 04/03/2010, Vani Prakashan _cTextual |
||
| 040 |
_aARTS _cARTS _bhin |
||
| 041 |
_2hin _ahin |
||
| 082 | _aP152v, 152M7;Q0 | ||
| 100 |
_aतिवारी, भोलानाथ _9156271 |
||
| 245 | 0 | _aहिन्दी भाषा का इतिहास | |
| 246 | _aHindī bhāṣhā kā itihāsa | ||
| 260 |
_aदिल्ली _b वाणी प्रकाशन _c2010 |
||
| 300 |
_a332पृ. _ccm. |
||
| 942 |
_hP152v, 152M7;Q0 _cTEXL _2CC |
||
| 999 |
_c295516 _d295516 |
||